000 00604nam a22001577a 4500
005 2012032907227.0
020 _a0195664205
_c645.00
035 _aB-79998
037 _aDPL
_bENG
100 _aHiltebeitel, Alf
_944537
245 _aRethinking the Mahabharata :
_bA reader's guide to the education of the Dharma king /
_cby Alf Hiltebeitel
260 _aNew Dehli
_bOxford University Press
_c2002
300 _ax, 365p.
_c20 cms.
942 _2ddc
_cEN
_h230.1
_mHIL
999 _c64518
_d64518